Power semiconductor drives / (Record no. 28076)

MARC details
000 -LEADER
fixed length control field 00871nam a2200241 a 4500
005 - DATE AND TIME OF LATEST TRANSACTION
control field 20090706144922.0
008 - FIXED-LENGTH DATA ELEMENTS--GENERAL INFORMATION
fixed length control field 840418s1984 nyua 001 0 eng
010 ## - LCCN (DPL NO)
LC control number ENG-94330
020 ## - INTERNATIONAL STANDARD BOOK NUMBER
International Standard Book Number 8178001462
Terms of availability 225.00
035 ## - SYSTEM CONTROL NUMBER
System control number EN-77863
037 ## - SOURCE OF ACQUISITION
Source of stock number/acquisition DBAD / PUB
040 ## - CATALOGING SOURCE
Original cataloging agency dpl
Language of cataloging English
082 ## - DEWEY DECIMAL CLASSIFICATION NUMBER
Classification number 621.317
100 ## - MAIN ENTRY--PERSONAL NAME
Personal name Rao, P.V.
245 ## - TITLE STATEMENT
Title Power semiconductor drives /
Statement of responsibility, etc by P.V. Rao
260 ## - PUBLICATION, DISTRIBUTION, ETC. (IMPRINT)
Place of publication, distribution, etc Hyderabad
Name of publisher, distributor, etc BS Publishing
Date of publication, distribution, etc 2007
270 ## - ADDRESS
Address 4-4-309 Giriraj Lane, Sultan Bazar,
City Hyderabad
Postal code 5000095
300 ## - PHYSICAL DESCRIPTION
Extent xiv, 311 p.
Dimensions 25cm(pbk)
650 ## - SUBJECT ADDED ENTRY--TOPICAL TERM
Topical term or geographic name as entry element Electric driving.
650 ## - SUBJECT ADDED ENTRY--TOPICAL TERM
Topical term or geographic name as entry element Power semiconductors.
942 ## - ADDED ENTRY ELEMENTS (KOHA)
Source of classification or shelving scheme Dewey Decimal Classification
Item type English Books
Classification part 621.317
Call number suffix RAO
Holdings
Withdrawn status Lost status Source of classification or shelving scheme Damaged status Not for loan Collection code Home library Current library Date acquired Source of acquisition Cost, normal purchase price Total Checkouts Full call number Barcode Date last seen Copy number Cost, replacement price Koha item type
    Dewey Decimal Classification   Not For Loan Non-fiction D.B.Act.Division D.B.Act.Division 06/07/2009 DBAD / PUB 225.00   621.317 RAO Power semiconductor 06/07/2009 1 225.00 English Books

© Delhi Public Library
Hit Counter
free hit counter